00423nam a2200157 a 45000010005000000030009000050080041000140400028000550820015000831000026000982450031001242600039001553000015001944900025002096500031002345763CO-ViMGA141112s2004 ck r 000 u spa d aCO-ViMGAbspacCO-ViMGA04a658.3 P1551 aPalma LeBlanc, Arturo10aDirección Organizaciones aSanta Magdalena : bDolmen, c1993 a296 p : il aEconomía y gestion14aADMINISTRACION DE PERSONAL